El cuarteto, su origen, desarrollo y encantos (Record no. 26837)

MARC details
000 -LEADER
campo de control de longitud fija 00872nam a2200217 i 4500
001 - NÚMERO DE CONTROL
campo de control 26837
003 - IDENTIFICADOR DE NÚMERO DE CONTROL
campo de control ES-MaACL
005 - FECHA Y HORA DE LA ÚLTIMA TRANSACCIÓN
campo de control 20260406131533.0
007 - CAMPO FIJO DE DESCRIPCIÓN FÍSICA--INFORMACIÓN GENERAL
campo de control de longitud fija t|
008 - DATOS DE LONGITUD FIJA--INFORMACIÓN GENERAL
campo de control de longitud fija 030110s1916 sp ||||1| spa d
100 1# - ENTRADA PRINCIPAL--NOMBRE DE PERSONA
Nombre de persona Arriaga, Emiliano de,
Fechas asociadas al nombre 1844-1919
9 (RLIN) 23269
245 13 - MENCIÓN DEL TÍTULO
Título El cuarteto, su origen, desarrollo y encantos
Resto del título : conferencia con ejemplos dada en el Círculo de Bellas Artes y Ateneo de Bilbao... 5 de abril de 1916 /
Mención de responsabilidad, etc. Emiliano de Arriaga.
260 ## - PUBLICACIÓN, DISTRIBUCIÓN, ETC.
Lugar de publicación, distribución, etc. Bilbao :
Nombre del editor, distribuidor, etc. [s.n.,
Fecha de publicación, distribución, etc. 1916?]
300 ## - DESCRIPCIÓN FÍSICA
Extensión 31 p. ;
Dimensiones 24 cm.
530 ## - NOTA DISPONIBLE DE FORMULARIO FÍSICO ADICIONAL
Nota de formato físico adicional disponible Disponible en formato digital.
710 2# - ENTRADA AGREGADA--NOMBRE DE ENTIDAD CORPORATIVA
Nombre de entidad corporativa o nombre de jurisdicción como elemento de entrada Círculo de Bellas Artes y Ateneo de Bilbao.
9 (RLIN) 159222
852 ## - LOCALIZACIÓN
Ubicación ES-MaACL
Número de control de estantería 1557-F-3
itemnumber 27852
Ubicación en estantería Depósito folletos
Nota libre Revisado enlace: 28 de Marzo de 2025.
856 4# - LOCALIZACIÓN Y ACCESO ELECTRÓNICOS
Identificador Uniforme de Recursos <a href="http://bdh-rd.bne.es/viewer.vm?id=0000062133&page=1">http://bdh-rd.bne.es/viewer.vm?id=0000062133&page=1</a>
Texto de enlace Biblioteca Digital Hispánica
942 ## - ELEMENTOS DE ENTRADA SECUNDARIOS (KOHA)
Fuente del sistema de clasificación o colocación Clasificación decimal universal
Holdings
Estatus retirado Estado de pérdida Estado de daño No para préstamo Colección Biblioteca de origen Biblioteca actual Ubicación en estantería Fecha de adquisición Fuente de adquisición Total de préstamos Signatura topográfica completa Código de barras Visto por última vez Precio de reemplazo Tipo de ítem Koha
        Colección de folletos Biblioteca del Ateneo de Madrid Biblioteca del Ateneo de Madrid Depósito folletos 17/01/2008     1557-F-3 1027702 23/02/2023 23/02/2023 Folleto